000 00781nam a2200241 i 4500
001 89087
003 ES-MaACL
005 20250912063046.0
007 t|
008 050128s2004 sp ||||1| spa d
020 _a84-670-1396-6
080 _a821.134.1-4"19"
100 1 _aFuster, Joan,
_d1922-1992
_9163689
245 1 0 _aNuevos ensayos civiles /
_cJoan Fuster ; introducción, selección y traducción Justo Serna y Encarnación García Monerris.
260 _aMadrid :
_bEspasa Calpe,
_c[2004]
300 _a317 p. ;
_c22 cm.
490 1 _aEspasa órbitas
700 1 _aSerna, Justo.
_9105574
700 1 _aGarcía Monerris, Encarnación.
_954968
830 0 _aEspasa órbitas
_9184745
852 _aES-MaACL
_jL-28728
_bR.135132
999 _c89087
_d89087